State of the Bangladesh economy in FY2008-09 and outlook for FY2009-10 / (Record no. 52198)
[ view plain ]
| 000 -LEADER | |
|---|---|
| fixed length control field | 00963nam a2200253 a 4500 |
| 001 - CONTROL NUMBER | |
| control field | 52198 |
| 003 - CONTROL NUMBER IDENTIFIER | |
| rucl marc code | BD-RjUL |
| 005 - DATE AND TIME OF LATEST TRANSACTION | |
| control field | 20211209075751.0 |
| 008 - FIXED-LENGTH DATA ELEMENTS--GENERAL INFORMATION | |
| fixed length control field | 160906s2010 bg a|||| ||| 001 0 eng d |
| 020 ## - INTERNATIONAL STANDARD BOOK NUMBER | |
| International Standard Book Number | 9789843310422 |
| Terms of availability | : Tk. 365.00 |
| 035 ## - SYSTEM CONTROL NUMBER | |
| System control number | (BD-RjUL)52318 |
| 040 ## - CATALOGING SOURCE | |
| Original cataloging agency | BD-RjUL |
| Language of cataloging | eng |
| Transcribing agency | BD-RjUL |
| Modifying agency | BD-RjUL |
| 041 ## - LANGUAGE CODE | |
| Language code of text/sound track or separate title | eng |
| 082 ## - DEWEY DECIMAL CLASSIFICATION NUMBER | |
| Edition number | 23 |
| Classification number | 330.95492 |
| Author mark and year | CES 2010 |
| 110 1# - MAIN ENTRY--CORPORATE NAME | |
| Corporate name or jurisdiction name as entry element | Centre for Policy Dialogue (Bangladesh) |
| 9 (RLIN) | 137601 |
| 245 ## - TITLE STATEMENT | |
| Title | State of the Bangladesh economy in FY2008-09 and outlook for FY2009-10 / |
| Statement of responsibility, etc. | Centre for Policy Dialogue (Bangladesh) |
| 260 ## - PUBLICATION, DISTRIBUTION, ETC. (IMPRINT) | |
| Place of publication, distribution, etc. | Dhaka : |
| Name of publisher, distributor, etc. | Centre for Policy Dialogue, |
| Date of publication, distribution, etc. | c2010 |
| 300 ## - PHYSICAL DESCRIPTION | |
| Pagination | xviii, 253 p. : |
| Illustrations | ill. ; |
| Size | 28 cm. |
| 490 ## - SERIES STATEMENT | |
| Series statement | Independent review of Bangladesh's development (IRBD) series. |
| 650 ## - SUBJECT ADDED ENTRY--TOPICAL TERM | |
| Topical term or geographic name as entry element | Economic conditions |
| General subdivision | Bangladesh |
| Chronological subdivision | 21st century |
| 9 (RLIN) | 156130 |
| Topical term or geographic name as entry element | Economic |
| General subdivision | History |
| 9 (RLIN) | 156131 |
| 830 ## - SERIES ADDED ENTRY--UNIFORM TITLE | |
| Uniform title | Independent review of Bangladesh's development (IRBD) series. |
| 942 ## - ADDED ENTRY ELEMENTS (KOHA) | |
| Source of classification or shelving scheme | Dewey Decimal Classification |
| Koha item type | Books |
| Lost status | Source of classification or shelving scheme | Damaged status | Not for loan | Collection code | Permanent Location | Current Location | Shelving location | Date acquired | Source of acquisition | Total Checkouts | Full call number | Date last seen | Copy number | Koha item type |
|---|---|---|---|---|---|---|---|---|---|---|---|---|---|---|
| Dewey Decimal Classification | Non-fiction | Central Library, University of Rajshahi | Central Library, University of Rajshahi | 15/05/2010 | Centre for policy diague, Dhaka | 330.95492 CES 2010 | 06/09/2016 | C-2 | Books |